00842nam a2200205 i 4500001000700000003000900007005001700016007000300033008004100036100003200077245015300109260006500262300002200327650004400349700003800393700003300431852003200464999001900496952012100515144073ES-MaACL20230906200934.0t|070214s1958 sp r ||||1| spa d1 aSimonetto, Ernesto.910657614aLos contratos de crédito / cErnesto Simonetto ; traducción de Juan Martínez Valencia ; y notas de Derecho español por Juan V. Fuentes Lojo. aBarcelona : bJ. Mª Bosch, c1958 (fViuda de Daniel Cochs) a515 p. ; c22 cm. 4aContratos bancarios-zEspaña.91625901 aMartínez Valencia, Juan.9784611 aFuentes Lojo, Juan V.952932 aES-MaACLjC-15745 bR.43528 c144073d144073 00104070aATENEOMbATENEOMcFICHd2008-01-17eSCl0oC-15745p1149897r2023-02-23 00:00:00w2023-02-23yMONOGRAFIA